Flagi państw, których kolory mają tylko biały i czerwony. - Statystyki

Ogólne statystyki
  • Ten quiz został rozwiązany 135 razy
  • Średni wynik to 10 z 17
Statystyki odpowiedzi
Kontynent Odpowiedź % Poprawnych
Europa Polska
99%
Europa Monako
95%
Azja Indonezja
93%
AmPół Kanada
68%
Europa Austria
66%
Azja Japonia
65%
Europa Dania
56%
AmPoł Peru
50%
Europa Szwajcaria
47%
Europa Łotwa
46%
Azja i Europa Turcja
45%
Afryka Tunezja
43%
Azja Bahrajn
41%
Azja Singapur
41%
Azja Gruzja
39%
Azja Katar
36%
Oceania Tonga
26%
Nie znaleziono quizów pasujących do podanych kryteriów
Rozkład punktacji
Procent ludzi z każdym wynikiem
Percentyl według liczby udzielonych odpowiedzi
Twoja historia wyników
Nie rozwiązałeś tego quizu